Losowe państwa sąsiedzkie - Statystyki

Ogólne statystyki
  • Ten quiz został rozwiązany 1 359 razy
  • Średni wynik to 22 z 25
Statystyki odpowiedzi
Kraj Kraje graniczące % Poprawnych
Słowacja Austria | Czechy | Węgry | Polska | Ukraina
99%
Węgry Austria | Chorwacja | Rumunia | Serbia | Słowacja | Słowenia | Ukraina
98%
Polska Białoruś | Czechy | Niemcy | Litwa | Rosja | Słowacja | Ukraina
98%
Arabia Saudyjska Irak | Jordania | Kuwejt | Oman | Katar | Zjednoczone Emiraty Arabskie | Jemen
98%
Stany Zjednoczone Kanada | Meksyk
98%
Rumunia Bułgaria | Węgry | Mołdawia | Serbia | Ukraina
97%
Norwegia Finlandia | Szwecja | Rosja
97%
Chile Argentyna | Boliwia | Peru
96%
Meksyk Belize | Gautemala | Stany Zjednoczone
96%
Łotwa Białoruś | Estonia | Litwa | Rosja
96%
Argentyna Boliwia | Brazylia | Chile | Paragwaj | Urugwaj
96%
Szwecja Finlandia | Norwegia
96%
Portugalia Hiszpania
96%
Algieria Libia | Mali | Mauretania | Maroko | Niger | Tunezja
96%
Dania Niemcy
96%
Kanada Stany Zjednoczone
96%
Chiny Afganistan | Bhutan | Indie | Kazachstan | Korea Północna | Kirgistan | Laos | Mongolia | Mjanma | Nepal | Pakistan | Rosja | Tadżykistan | Wietnam
95%
Boliwia Argentyna | Brazylia | Chile | Paragwaj | Peru
95%
Austria Czechy | Niemcy | Węgry | Włochy | Liechtenstein | Słowacja | Słowenia | Szwajcaria
95%
Irak Iran | Jordania | Kuwejt | Arabia Saudyjska | Syria | Turcja
95%
Mołdawia Rumunia | Ukraina
95%
Kosowo Albania | Czarnogóra | Macedonia Północna | Serbia
94%
Francja Andora | Brazylia | Belgia | Niemcy | Włochy | Luksemburg | Monako | Hiszpania | Szwajcaria | Surinam
94%
Hiszpania Andora | Francja | Portugalia | Maroko
94%
Niemcy Austria | Belgia | Czechy | Dania | Francja | Luksemburg | Holandia | Polska | Szwajcaria
94%
Rosja Azerbejdżan | Białoruś | Chiny | Estonia | Finlandia | Gruzja | Kazachstan | Korea Północna | Łotwa | Litwa | Mongolia | Norwegia | Polska | Ukraina
94%
Luksemburg Belgia | Francja | Niemcy
94%
Litwa Białoruś | Łotwa | Polska | Rosja
94%
Chorwacja Bośnia i Hercegowina | Węgry | Czarnogóra | Serbia | Słowenia
94%
Białoruś Łotwa | Litwa | Polska | Rosja | Ukraina
94%
Watykan Włochy
94%
Iran Afganistan | Armenia | Azerbejdżan | Irak | Pakistan | Turcja | Turkmenistan
93%
Włochy Austria | Francja | San Marino | Słowenia | Szwajcaria | Watykan
93%
Ukraina Białoruś | Węgry | Mołdawia | Polska | Rumunia | Rosja | Słowacja
93%
Serbia Bośnia i Hercegowina | Bułgaria | Chorwacja | Węgry | Kosowo | Czarnogóra | Macedonia Północna | Rumunia
93%
Korea Północna Chiny | Rosja | Korea Południowa
93%
Belgia Francja | Niemcy | Luksemburg | Holandia
93%
Finlandia Norwegia | Szwecja | Rosja
93%
Macedonia Północna Albania | Bułgaria | Grecja | Kosowo | Serbia
92%
Brazylia Argentyna | Boliwia | Kolumbia | Francja | Gujana | Paragwaj | Peru | Surinam | Urugwaj | Wenezuela
92%
Turcja Armenia | Azerbejdżan | Bułgaria | Gruzja | Grecja | Iran | Irak | Syria
92%
Gruzja Armenia | Azerbejdżan | Rosja | Turcja
92%
Azerbejdżan Armenia | Gruzja | Iran | Rosja | Turcja
92%
Szwajcaria Austria | Francja | Włochy | Liechtenstein | Niemcy
92%
Kolumbia Brazylia | Ekwador | Panama | Peru | Wenezuela
92%
Bośnia i Hercegowina Chorwacja | Czarnogóra | Serbia
92%
Syria Irak | Izrael | Jordania | Liban | Turcja
92%
San Marino Włochy
92%
Grecja Albania | Bułgaria | Macedonia Północna | Turcja
91%
Tunezja Algieria | Libia
91%
Maroko Algieria | Mauretania | Hiszpania
91%
Demokratyczna Republika Konga Angola | Burundi | Republika Środkowoafrykańska | Kongo | Rwanda | Sudan Południowy | Tanzania | Uganda | Zambia
91%
Kazachstan Chiny | Kirgistan | Rosja | Turkmenistan | Uzbekistan
91%
Mongolia Chiny | Rosja
91%
Monako Francja
91%
Andora Francja | Hiszpania
91%
Albania Grecja | Kosowo | Macedonia Północna | Czarnogóra
91%
Panama Kolumbia | Kostaryka
91%
Niger Algieria | Benin | Burkina Faso | Czad | Libia | Mali | Nigeria
90%
Kongo Angola | Kamerun | Republika Środkowoafrykańska | Demokratyczna Republika Konga | Gabon
90%
Oman Arabia Saudyjska | Zjednoczone Emiraty Arabskie | Jemen
90%
Mjanma Bangladesz | Chiny | Indie | Laos | Tajlandia
90%
Nigeria Benin | Kamerun | Czad | Niger
90%
Izrael Egipt | Jordania | Liban | Syria
90%
Kenia Etiopia | Somalia | Sudan Południowy | Tanzania | Uganda
90%
Korea Południowa Korea Północna
90%
Estonia Łotwa | Rosja
90%
Indie Afganistan | Bangladesz | Bhutan | Chiny | Mjanma | Nepal | Pakistan | Sri Lanka
89%
Katar Arabia Saudyjska
89%
Urugwaj Argentyna | Brazylia
89%
Holandia Belgia | Niemcy
89%
Wenezuela Brazylia | Kolumbia | Gujana
89%
Nepal Chiny | Indie
89%
Afganistan Chiny | Iran | Pakistan | Tadżykistan | Turkmenistan | Uzbekistan
89%
Kirgistan Chiny | Kazachstan | Tadżykistan | Uzbekistan
89%
Zjednoczone Emiraty Arabskie Oman | Arabia Saudyjska
89%
Sudan Południowy Republika Środkowoafrykańska | Demokratyczna Republika Konga | Etiopia | Kenia | Sudan | Uganda
89%
Pakistan Afganistan | Chiny | Indie | Iran
88%
Czarnogóra Albania | Bośnia i Hercegowina | Chorwacja | Kosowo | Serbia
88%
Libia Algieria | Czad | Egipt | Niger | Sudan | Tunezja
88%
Armenia Azerbejdżan | Gruzja | Iran | Turcja
88%
Etiopia Dżibuti | Erytrea | Kenia | Somalia | Sudan Południowy | Sudan
88%
Wielka Brytania Irlandia
88%
Kambodża Laos | Tajlandia | Wietnam
88%
Irlandia Wielka Brytania
88%
Uzbekistan Afganistan | Kazachstan | Kirgistan | Tadżykistan | Turkmenistan
87%
Słowenia Austria | Chorwacja | Włochy | Węgry
87%
Liechtenstein Austria | Szwajcaria
87%
Peru Boliwia | Brazylia | Chile | Kolumbia | Ekwador
87%
Surinam Brazylia | Francja | Gujana
87%
Somalia Dżibuti | Etiopia | Kenia
87%
Bułgaria Grecja | Macedonia Północna | Rumunia | Serbia | Turcja
87%
Bangladesz Indie | Mjanma
87%
Indonezja Timor Wschodni | Malezja | Papua-Nowa Gwinea
87%
Czechy Austria | Niemcy | Polska | Słowacja
86%
Wietnam Kambodża | Chiny | Laos
86%
Kostaryka Nikaragua | Panama
86%
Turkmenistan Afganistan | Iran | Kazachstan | Uzbekistan
85%
Gujana Brazylia | Surinam | Wenezuela
85%
Kuwejt Irak | Arabia Saudyjska
85%
Jordania Irak | Izrael | Arabia Saudyjska | Syria
85%
Ekwador Kolumbia | Peru
85%
Jemen Oman | Arabia Saudyjska
85%
Zambia Angola | Botswana | Demokratyczna Republika Konga | Malawi | Mozambik | Namibia | Tanzania | Zimbabwe
84%
Paragwaj Argentyna | Boliwia | Brazylia
84%
Uganda Demokratyczna Republika Konga | Kenia | Rwanda | Sudan Południowy | Tanzania
84%
Dominikana Haiti
84%
Laos Kambodża | Chiny | Mjanma | Tajlandia | Wietnam
84%
Czad Kamerun | Republika Środkowoafrykańska | Libia | Niger | Nigeria | Sudan
84%
Tajlandia Kambodża | Laos | Malezja | Mjanma
83%
Republika Środkowoafrykańska Kamerun | Czad | Demokratyczna Republika Konga | Kongo | Sudan Południowy | Sudan
83%
Sudan Republika Środkowoafrykańska | Czad | Egipt | Erytrea | Etiopia | Libia | Sudan Południowy
83%
Republika Południowej Afryki Botswana | Eswatini | Lesotho | Mozambik | Namibia | Zimbabwe
82%
Mali Algieria | Burkina Faso | Wybrzeże Kości Słoniowej | Gwinea | Mauretania | Niger | Senegal
81%
Namibia Angola | Botswana | Republika Południowej Afryki | Zambia
81%
Gwatemala Belize | Salwador | Honduras | Meksyk
81%
Timor Wschodni Indonezja
81%
Egipt Izrael | Libia | Sudan
81%
Eswatini Mozambik | Republika Południowej Afryki
81%
Senegal Gambia | Gwinea | Gwinea Bissau | Mali | Mauretania
80%
Honduras Gwatemala | Salwador | Nikaragua
80%
Papua-Nowa Gwinea Indonezja
80%
Tadżykistan Afganistan | Chiny | Kirgistan | Uzbekistan
79%
Malezja Brunei | Indonezja | Tajlandia
79%
Erytrea Dżibuti | Etiopia | Sudan
79%
Salwador Gwatemala | Honduras
79%
Gwinea Bissau Gwinea | Senegal
79%
Gwinea Wybrzeże Kości Słoniowej | Gwinea Bissau | Liberia | Mali | Senegal | Sierra Leone
79%
Mozambik Eswatini | Malawi | Republika Południowej Afryki | Tanzania | Zambia | Zimbabwe
78%
Liban Izrael | Syria
78%
Lesotho Republika Południowej Afryki
78%
Rwanda Burundi | Demokratyczna Republika Konga | Tanzania | Uganda
77%
Botswana Namibia | Republika Południowej Afryki | Zambia | Zimbabawe
77%
Zimbabwe Botswana | Mozambik | Republika Południowej Afryki | Zambia
75%
Haiti Dominikana
75%
Kamerun Republika Środkowoafrykańska | Czad | Kongo | Gwinea Równikowa | Gabon | Nigeria
75%
Bhutan Chiny | Indie
74%
Benin Burkina Faso | Niger | Nigeria | Togo
73%
Nikaragua Kostaryka | Honduras
73%
Togo Benin | Burkina Faso | Ghana
72%
Malawi Mozambik | Tanzania | Zambia
72%
Burkina Faso Benin | Wybrzeże Kości Słoniowej | Ghana | Mali | Niger | Togo
71%
Wybrzeże Kości Słoniowej Burkina Faso | Ghana | Gwinea | Liberia | Mali
71%
Dżibuti Erytrea | Etiopia
71%
Liberia Gwinea | Wybrzeże Kości Słoniowej | Sierra Leone
71%
Tanzania Burundi | Demokratyczna Republika Konga | Kenia | Malawi | Mozambik | Rwanda | Uganda | Zambia
70%
Sierra Leone Gwinea | Liberia
70%
Ghana Burkina Faso | Wybrzeże Kości Słoniowej | Togo
69%
Burundi Demokratyczna Republika Konga | Rwanda | Tanzania
69%
Gabon Kamerun | Kongo | Gwinea Równikowa
69%
Belize Gwatemala | Meksyk
68%
Gambia Senegal
67%
Mauretania Algieria | Mali | Senegal
66%
Angola Demokratyczna Republika Konga | Kongo | Namibia | Zambia
62%
Gwinea Równikowa Kamerun | Gabon
62%
Brunei Malezja
54%
Nie znaleziono quizów pasujących do podanych kryteriów
Rozkład punktacji
Procent ludzi z każdym wynikiem
Percentyl według liczby udzielonych odpowiedzi
Twoja historia wyników
Nie rozwiązałeś tego quizu